Southville International School and Colleges
Your cart is empty.
  • Cart
  • Lists
    Public lists Eva Luna New books Lux_list list_1
    Your lists Log in to create your own lists
  • Log in to your account
  • Your cookies
  • Search history
Southville International School and Colleges
  • Advanced search
  • Recent comments
  • Most popular
  • Libraries

Log in to your account

Log in with GOOGLE


If you do not have an external account, but do have a local account, you can still log in:

  1. Home
  2. MARC view: The Wordsworth dictionary of Shakespeare /
Normal view MARC view ISBD view

The Wordsworth dictionary of Shakespeare / (Record no. 363409)

[ view plain ]
MARC details
000 -LEADER
fixed length control field 00687nam a2200217Ia 4500
008 - FIXED-LENGTH DATA ELEMENTS--GENERAL INFORMATION
fixed length control field 200601s9999 xx 000 0 und d
020 ## - INTERNATIONAL STANDARD BOOK NUMBER
International Standard Book Number 1-85326-372-9
050 ## - LIBRARY OF CONGRESS CALL NUMBER
Classification number REF PR 2892
050 ## - LIBRARY OF CONGRESS CALL NUMBER
Item number .B69 1990
100 ## - MAIN ENTRY--PERSONAL NAME
Personal name Boyce, Charles.
245 #4 - TITLE STATEMENT
Title The Wordsworth dictionary of Shakespeare /
245 #0 - TITLE STATEMENT
Statement of responsibility, etc Charles Boyce.
260 ## - PUBLICATION, DISTRIBUTION, ETC. (IMPRINT)
Place of publication, distribution, etc New York :
260 ## - PUBLICATION, DISTRIBUTION, ETC. (IMPRINT)
Name of publisher, distributor, etc Shakespeare A-Z Facts on File, Inc.,
260 ## - PUBLICATION, DISTRIBUTION, ETC. (IMPRINT)
Date of publication, distribution, etc 1990
300 ## - PHYSICAL DESCRIPTION
Extent 740 pages :
300 ## - PHYSICAL DESCRIPTION
Dimensions 20 cm.
650 ## - SUBJECT ADDED ENTRY--TOPICAL TERM
Topical term or geographic name as entry element English language -- Early modern, 1500-1700 -- Dictionaries.
650 ## - SUBJECT ADDED ENTRY--TOPICAL TERM
Topical term or geographic name as entry element Shakespeare, William, 1564-1616 -- Dictionaries.
650 ## - SUBJECT ADDED ENTRY--TOPICAL TERM
General subdivision Shakespeare, William, 1564-1616, Languag -- Glossaries, etc.
Holdings
Withdrawn status Lost status Damaged status Home library Current library Shelving location Date acquired Cost, normal purchase price Total Checkouts Full call number Barcode Date last seen Price effective from Koha item type
      South Mansfield College South Mansfield College Reference Section 06/01/2020 390.00   REF PR 2892 .B69 1990 SMC02772 06/01/2020 06/01/2020  

The Wordsworth dictionary of Shakespeare /

APA

Boyce C., .The Wordsworth dictionary of Shakespeare. New York: .

Chicago

Boyce Charles, .The Wordsworth dictionary of Shakespeare. New York: .

Harvard

Boyce C., .The Wordsworth dictionary of Shakespeare. New York: .

MLA

Boyce Charles, .New York: . .

  • Place hold
  • Print
  • Cite
  • Add to your cart (remove)
  • Save record
    BIBTEX Dublin Core MARCXML MARC (non-Unicode/MARC-8) MARC (Unicode/UTF-8) MARC (Unicode/UTF-8, Standard) MODS (XML) RIS
  • More searches
    Search for this title in:
    Other Libraries (WorldCat) Other Databases (Google Scholar) Online Stores (Bookfinder.com) Open Library (openlibrary.org)

Exporting to Dublin Core...

SOUTHVILLE LIBRARY

Southville International School and Colleges Library

1281 Tropical Ave. Cor. Luxembourg St., BF Homes International, Las Pinas City

Tel. No. 8256374 / 252358 Loc. 117/146

Powered by Koha